banner-ar

رياض الاطفال فى الوطن العربى بين الواقع والمستقبل: القاهرة( 6-3 يوليو 1989) / (Record no. 27006)

MARC details
000 -الفاتح
حقل البيانات ثابتة الطول 00841nam a2200205Ia 4500
008 - عناصر البيانات ثابتة الطول - معلومات عامة
حقل البيانات ثابتة الطول 140319s9999 xx 000 0 ara d
040 ## - مصدر الفهرسة
وكالة الفهرسة الأصلية GCL /
وكالة النسخ GCL
082 04 - رقم تصنيف ديوى العشرى
رقم التصنيف د
رقم المادة 372.216050
-- م ر
100 1# - المدخل الرئيسى - إسم شخصى
الإسم الشخصى المجلس العربى للطفولة والتنمية
245 10 - بيان العنوان
العنوان رياض الاطفال فى الوطن العربى بين الواقع والمستقبل: القاهرة( 6-3 يوليو 1989) /
بيان المسئوليه,etc المجلس العربى للطفولة والتنمية
700 1# - المدخل الاضافى - اسم شخصى
الإسم الشخصى سمير سالم الميلادى (اعداد)
700 1# - المدخل الاضافى - اسم شخصى
الإسم الشخصى حنان سراج الدين
260 ## - PUBLICATION, DISTRIBUTION, ETC. (IMPRINT)
تاريخ النشر أو التوزيع 1989
300 ## - الوصف المادى
التعداد 326 ص
490 ## - بيان السلسلة
عنوان السلسلة تعلم قواعد الخط
رقم المجلد/ التعيين التسلسلي 0
650 04 - المدخل الاضافى بالموضوع-مصطلح موضوعى
مصطلح موضوعي الاطفال
650 04 - المدخل الاضافى بالموضوع-مصطلح موضوعى
مصطلح موضوعي رياض الاطفال
942 ## - عناصر المدخل الإضافي( كوها)
مصدر التصنيف او مخطط الترفيف Dewey Decimal Classification
Koha [default] item type ملف كمبيوتر
260 ## - PUBLICATION, DISTRIBUTION, ETC. (IMPRINT)
-- [S.N] :
-- المجلس العربى للطفولة والتنمية ،
Holdings
حالة التراجع حالة الفقد حالة تلف ليس للاعارة المكان المؤقت الموقع الحالى تاريخ الاكتساب اجمالي اﻻعارات رقم الطلب الباركود تاريخ اخر مشاهدة تاريخ تفعيل السعر نوع وعاء كوها
        مكتبة القاهرة الكبرى مكتبة القاهرة الكبرى 03/26/2014   د\372.216050\م ر 58963 03/26/2014 03/26/2014 ملف كمبيوتر
        مكتبة القاهرة الكبرى مكتبة القاهرة الكبرى 03/26/2014   د\372.216050\م ر 58964 03/26/2014 03/26/2014 ملف كمبيوتر

Powered By

EGPV